[Event "Irish Championship 2018"]
[Site "Dublin IRL"]
[Date "2018.08.08"]
[Round "5.13"]
[White "Keogh, Eamon"]
[Black "O'Connell, Gerard"]
[Result "1-0"]
[WhiteTitle "NM"]
[WhiteElo "1960"]
[BlackElo "2148"]
[WhiteICU "1888"]
[BlackICU "2099"]
[WhiteClub "Kilkenny"]
[BlackClub "St. Benildus"]
[WhiteNationality "IRL"]
[BlackNationality "IRL"]
[WhiteFideId "2500264"]
[BlackFideId "2500493"]
[PlyCount "77"]
[EventDate "2018.08.04"]
[Source "TWIC 1240"]

{ Event information: <a
href="https://www.irlchess.com/irlch2018_allfiles/pairings_irlch2018.html">Tournament
report</a>. }

1. e4 c5 2. Nc3 Nc6 3. f4 g6 4. Nf3 Bg7 5. Bb5 Nd4 6. O-O Nxb5 7. Nxb5 a6
8. Nc3 b5 9. d3 Bb7 10. Qe1 Nf6 11. Qh4 b4 12. Ne2 c4 13. Ng3 cxd3 14. cxd3
Qb6+ 15. Kh1 O-O 16. f5 d6 17. Bh6 Bxh6 18. Qxh6 Ng4 19. Qh4 Nf2+ 20. Rxf2
Qxf2 21. Qxe7 Qxb2 22. Rf1 Bc6 23. Qh4 Qh8 24. f6 Bb5 25. Nf5 Rfe8 26. Ne7+
Rxe7 27. fxe7 Qg7 28. e5 dxe5 29. Ng5 Rc8 30. h3 Be8 31. Qxb4 Rc7 32. Nxf7
h6 33. Qd6 Rd7 34. Qe6 Kh7 35. h4 Rd4 36. Nd6 Rxh4+ 37. Kg1 e4 38. Nf7 Bxf7
39. Qxf7 1-0

[Event "Irish Championship 2018"]
[Site "Dublin IRL"]
[Date "2018.08.08"]
[Round "5.14"]
[White "Kennedy, John P. A."]
[Black "Melaugh, Gavin"]
[Result "1/2-1/2"]
[WhiteElo "2077"]
[BlackElo "2029"]
[WhiteICU "1999"]
[BlackICU "1999"]
[WhiteClub "Dublin"]
[BlackClub "Elm Mount"]
[WhiteNationality "IRL"]
[BlackNationality "IRL"]
[WhiteFideId "2501120"]
[BlackFideId "2509571"]
[PlyCount "85"]
[EventDate "2018.08.04"]
[Source "TWIC 1240"]

{ Event information: <a
href="https://www.irlchess.com/irlch2018_allfiles/pairings_irlch2018.html">Tournament
report</a>. }

1. Nf3 d6 2. d4 f5 3. g3 Nf6 4. Bg2 e6 5. O-O Be7 6. Bg5 O-O 7. Bxf6 Bxf6
8. Re1 e5 9. c3 e4 10. Qb3+ Kh8 11. Nfd2 Qe8 12. e3 c6 13. c4 g5 14. f3
exf3 15. Nxf3 g4 16. Nfd2 Bxd4 17. Na3 Be5 18. Nc2 Qf7 19. Rab1 Nd7 20. Nd4
Nc5 21. Qc2 Ne6 22. N2b3 Qh5 23. Rf1 Ng7 24. Ne2 Bd7 25. Nf4 Qg5 26. Nc1
Rae8 27. Ncd3 Re7 28. Rbd1 Qf6 29. Qd2 Be6 30. Qb4 Bg8 31. Rfe1 Rfe8 32.
Nxe5 dxe5 33. Nd3 Ne6 34. Qc3 Ng5 35. Rf1 Qe6 36. Nc5 Qg6 37. Rf2 Rf7 38.
Rfd2 Qg7 39. Rd8 Rfe7 40. Nxb7 Rxd8 41. Nxd8 e4 42. Qxg7+ Rxg7 43. b3
1/2-1/2

[Event "Irish Championship 2018"]
[Site "Dublin IRL"]
[Date "2018.08.08"]
[Round "5.15"]
[White "Wallace, Paul"]
[Black "O'Neill, Paul"]
[Result "1/2-1/2"]
[WhiteElo "2202"]
[BlackElo "1985"]
[WhiteICU "2182"]
[BlackICU "1991"]
[WhiteClub "Kilkenny"]
[BlackClub "Elm Mount"]
[WhiteNationality "IRL"]
[BlackNationality "IRL"]
[WhiteFideId "2500892"]
[BlackFideId "2507692"]
[PlyCount "146"]
[EventDate "2018.08.04"]
[Source "TWIC 1240"]

{ Event information: <a
href="https://www.irlchess.com/irlch2018_allfiles/pairings_irlch2018.html">Tournament
report</a>. }

1. e4 d5 2. exd5 Nf6 3. d4 Nxd5 4. Nf3 Bg4 5. Be2 e6 6. O-O Be7 7. Ne5 Bxe2
8. Qxe2 O-O 9. c4 Nf6 10. Rd1 c6 11. Nc3 Nbd7 12. Bf4 Qa5 13. a3 Rfd8 14.
b4 Qa6 15. b5 cxb5 16. Nxb5 Rac8 17. a4 b6 18. Nf3 Qb7 19. Bd6 Bf8 20. Ne5
Ne4 21. Bxf8 Nxf8 22. Qf3 f6 23. d5 exd5 24. cxd5 Nxf2 25. Nc6 Nxd1 26.
Nxd8 Rxd8 27. Rxd1 a6 28. Nc3 b5 29. axb5 axb5 30. Ne4 Ng6 31. h3 Ne5 32.
Qb3 Nc4 33. Qg3 Kf8 34. Nc5 Qb6 35. Qf2 Kf7 36. Qd4 Rc8 37. Nb3 Qxd4+ 38.
Nxd4 Ne3 39. Rb1 Nxd5 40. Nxb5 Rc2 41. Nd4 Rd2 42. Rb7+ Ne7 43. Nf5 Re2 44.
Kf1 Re5 45. Nxe7 Rxe7 46. Rb5 Re5 47. Rb7+ Kg6 48. Kf2 h5 49. h4 Ra5 50.
Kg3 Ra6 51. Kf3 Kh6 52. Rc7 g5 53. hxg5+ fxg5 54. Rc8 Ra3+ 55. Kf2 h4 56.
Rc6+ Kh5 57. Rc4 Ra5 58. Rb4 g4 59. Rb1 g3+ 60. Kg1 Ra4 61. Rc1 Kg4 62. Rb1
Kf4 63. Rf1+ Ke3 64. Re1+ Kf4 65. Rf1+ Kg4 66. Rb1 h3 67. gxh3+ Kxh3 68.
Rc1 Ra3 69. Rb1 Kg4 70. Kg2 Ra2+ 71. Kg1 Kh3 72. Rc1 Rg2+ 73. Kh1 Ra2
1/2-1/2

[Event "Irish Championship 2018"]
[Site "Dublin IRL"]
[Date "2018.08.08"]
[Round "5.16"]
[White "Tirziman, Rudolf"]
[Black "Melaugh, Shane"]
[Result "0-1"]
[WhiteElo "1943"]
[BlackElo "2086"]
[WhiteICU "1902"]
[BlackICU "2111"]
[WhiteClub "Blanchardstown"]
[BlackClub "Elm Mount"]
[WhiteNationality "IRL"]
[BlackNationality "IRL"]
[WhiteFideId "2508664"]
[BlackFideId "2509580"]
[PlyCount "50"]
[EventDate "2018.08.04"]
[Source "TWIC 1240"]

{ Event information: <a
href="https://www.irlchess.com/irlch2018_allfiles/pairings_irlch2018.html">Tournament
report</a>. }

1. e4 d6 2. Nc3 Nf6 3. d4 Nbd7 4. g4 e5 5. Be3 c6 6. g5 Ng8 7. Nge2 h6 8.
Qd2 hxg5 9. Bxg5 Be7 10. Be3 Ngf6 11. f3 b5 12. d5 b4 13. dxc6 Nb6 14. Nd5
Nfxd5 15. exd5 Nc4 16. Qc1 Bh4+ 17. Kd1 Qa5 18. Nc3 Nxe3+ 19. Qxe3 bxc3 20.
Bc4 cxb2 21. Rb1 Rb8 22. Bb3 f6 23. Rg1 Bg5 24. Rxg5 fxg5 25. Qxg5 O-O 0-1

[Event "Irish Championship 2018"]
[Site "Dublin IRL"]
[Date "2018.08.08"]
[Round "5.17"]
[White "Scott, Luke"]
[Black "Nemeth, Zalan"]
[Result "1/2-1/2"]
[WhiteElo "1873"]
[BlackElo "1876"]
[WhiteICU "1795"]
[BlackICU "1818"]
[WhiteClub "T.C.D."]
[BlackClub "Galway"]
[WhiteNationality "IRL"]
[BlackNationality "IRL"]
[WhiteFideId "2507986"]
[BlackFideId "2512041"]
[PlyCount "32"]
[EventDate "2018.08.04"]
[Source "TWIC 1240"]

{ Event information: <a
href="https://www.irlchess.com/irlch2018_allfiles/pairings_irlch2018.html">Tournament
report</a>. }

1. d4 Nf6 2. c4 e5 3. dxe5 Ng4 4. Bf4 Nc6 5. Nf3 Bb4+ 6. Nbd2 Qe7 7. e3
Ngxe5 8. Nxe5 Nxe5 9. a3 Bxd2+ 10. Qxd2 b6 11. Qd5 Nc6 12. Bxc7 Bb7 13. Rd1
Rc8 14. Bd6 Qf6 15. Be5 Nxe5 16. Qxb7 O-O 1/2-1/2

[Event "Irish Championship 2018"]
[Site "Dublin IRL"]
[Date "2018.08.08"]
[Round "5.18"]
[White "Nolan, Conor"]
[Black "Nolan, Dermot"]
[Result "1-0"]
[WhiteElo "1935"]
[BlackElo "1841"]
[WhiteICU "1914"]
[BlackICU "1759"]
[WhiteClub "Gonzaga"]
[BlackClub "Gonzaga"]
[WhiteNationality "IRL"]
[BlackNationality "IRL"]
[WhiteFideId "2509466"]
[BlackFideId "2510260"]
[PlyCount "87"]
[EventDate "2018.08.04"]
[Source "TWIC 1240"]

{ Event information: <a
href="https://www.irlchess.com/irlch2018_allfiles/pairings_irlch2018.html">Tournament
report</a>. }

1. d4 Nf6 2. Nf3 g6 3. g3 Bg7 4. Bg2 O-O 5. O-O d6 6. a4 Nbd7 7. Nc3 c6 8.
e4 Qc7 9. b3 a5 10. h3 e5 11. d5 Nc5 12. Re1 Rd8 13. Ba3 h5 14. dxc6 bxc6
15. Bxc5 dxc5 16. Qb1 Ba6 17. Bf1 Bxf1 18. Rxf1 Rab8 19. Rd1 Rxd1+ 20. Qxd1
c4 21. bxc4 Rb4 22. Rb1 Rxc4 23. Qd3 Rb4 24. Rxb4 axb4 25. Na2 Qa5 26. Qc4
h4 27. g4 Qxa4 28. Nxe5 Nd5 29. Nxc6 Nf4 30. Kh2 Qa3 31. Qb3 Qa6 32. Naxb4
Qf1 33. Qf3 Bh6 34. Nd5 Ne2 35. Qg2 $2 (35. Nce7+ Kf8 36. Nxg6+ Kg8 37.
Nge7+ Kf8 38. Qg2 $18) 35... Qc1 36. Qh1 Bf4+ 37. Kg2 Qxc2 38. Kf3 $4 (38.
Nce7+ $10) 38... Qd3+ 39. Ne3 g5 $2 (39... Ng3 $1 $19) 40. Qd1 Qc3 $4 (
40... Qxd1 41. Nxd1 $16) 41. Ne7+ Kf8 42. Qd8+ Kg7 43. Qg8+ Kh6 44. Nf5#
1-0

[Event "Irish Championship 2018"]
[Site "Dublin IRL"]
[Date "2018.08.09"]
[Round "6.1"]
[White "Wall, Gavin"]
[Black "Lopez, Alex"]
[Result "0-1"]
[WhiteTitle "IM"]
[BlackTitle "IM"]
[WhiteElo "2341"]
[BlackElo "2411"]
[WhiteICU "2290"]
[BlackICU "2476"]
[WhiteClub "Richmond ENG"]
[WhiteNationality "IRL"]
[BlackNationality "IRL"]
[WhiteFideId "2501244"]
[BlackFideId "2501430"]
[PlyCount "50"]
[EventDate "2018.08.04"]
[Source "TWIC 1240"]

{ Event information: <a
href="https://www.irlchess.com/irlch2018_allfiles/pairings_irlch2018.html">Tournament
report</a>. } { Annotator: Alexander Baburin, <em>Sunday Independent</em>,
August 12, 2018 p. 27 (excerpted here). }

1. e4 c6 2. d4 d5 3. f3 e6 4. Nc3 Bb4 5. Bf4 Ne7 6. Qd3 b6 7. Ne2 Ba6 8.
Qe3 O-O 9. O-O-O c5 10. a3 Bxc3 11. Nxc3 Bxf1 12. Rhxf1 Nbc6 13. dxc5 d4
14. Qe2 bxc5 15. Qc4 Qa5 16. Na4 Nc8 17. Kb1 e5 18. Bc1 $6 ({ " } 18. Bd2
Nd6 19. Bxa5 Nxc4 20. Bd2 $15 { ." }) 18... Rb8 19. f4 $2 ({ "Again } 19.
Bd2 { was necessary." }) 19... Nd6 $1 20. Qxc5 Nb5 $1 21. Qxc6 Rfc8 22. Qd7
Rc7 23. Qd5 Nxa3+ 24. Ka2 Qxa4 25. bxa3 Qxc2+ 0-1

[Event "Irish Championship 2018"]
[Site "Dublin IRL"]
[Date "2018.08.09"]
[Round "6.2"]
[White "O'Donnell, Conor"]
[Black "Short, Philip"]
[Result "1-0"]
[WhiteTitle "FM"]
[BlackTitle "FM"]
[WhiteElo "2336"]
[BlackElo "2333"]
[WhiteICU "2312"]
[WhiteClub "Gonzaga"]
[WhiteNationality "IRL"]
[BlackNationality "IRL"]
[WhiteFideId "2504243"]
[BlackFideId "2500086"]
[PlyCount "70"]
[EventDate "2018.08.04"]
[Source "TWIC 1240"]

{ Event information: <a
href="https://www.irlchess.com/irlch2018_allfiles/pairings_irlch2018.html">Tournament
report</a>. }

1. d4 f5 2. g3 Nf6 3. Bg2 g6 4. Nf3 Bg7 5. c4 d6 6. O-O O-O 7. Nc3 Qe8 8.
Nd5 Nxd5 9. cxd5 Nd7 10. Ng5 Nb6 11. Qc2 h6 12. Ne6 Bxe6 13. dxe6 c6 14. e4
d5 15. exd5 Nxd5 16. Qb3 Qc8 17. Bxd5 cxd5 18. Qxd5 Rd8 19. Qb3 Rxd4 20.
Be3 Rd6 21. Rac1 Qxe6 22. Qxb7 Qd5 23. Qxe7 Re6 24. Qa3 Qb7 25. b4 Re4 26.
Qb3+ Kh8 27. b5 g5 28. Rc6 f4 29. Qd5 Qe7 30. Rxh6+ Bxh6 31. Qxa8+ Kh7 32.
Bc5 Qe6 33. Qxa7+ Kg8 34. Qa6 Qxa6 35. bxa6 Bf8 1-0

[Event "Irish Championship 2018"]
[Site "Dublin IRL"]
[Date "2018.08.09"]
[Round "6.3"]
[White "Li, Henry"]
[Black "Baburin, Alexander"]
[Result "0-1"]
[BlackTitle "GM"]
[WhiteElo "2232"]
[BlackElo "2458"]
[WhiteICU "2207"]
[BlackICU "2428"]
[WhiteClub "Gonzaga"]
[BlackClub "Kilkenny"]
[WhiteNationality "IRL"]
[BlackNationality "IRL"]
[WhiteFideId "2508524"]
[BlackFideId "2500914"]
[PlyCount "68"]
[EventDate "2018.08.04"]
[Source "TWIC 1240"]

{ Event information: <a
href="https://www.irlchess.com/irlch2018_allfiles/pairings_irlch2018.html">Tournament
report</a>. }

1. e4 Nf6 2. e5 Nd5 3. d4 d6 4. c4 Nb6 5. exd6 cxd6 6. h3 g6 7. Nf3 Bg7 8.
Be2 O-O 9. O-O Nc6 10. Nc3 Bf5 11. Bg5 h6 12. Be3 e5 13. d5 Ne7 14. a4 g5
15. a5 Nd7 16. Nb5 Nc8 17. b4 a6 18. Nc3 Bh7 19. Na4 f5 20. c5 f4 21. c6
fxe3 22. cxb7 exf2+ 23. Kh1 Rb8 24. bxc8=Q Qxc8 25. Rc1 Qb7 26. Nc5 dxc5
27. bxc5 Qa7 28. d6 Nf6 29. Nxe5 Ne4 30. Qd5+ Kh8 31. Kh2 Qb7 32. c6 Qb3
33. Nc4 Qg3+ 34. Kh1 Qf4 0-1

[Event "Irish Championship 2018"]
[Site "Dublin IRL"]
[Date "2018.08.09"]
[Round "6.4"]
[White "Collins, Sam"]
[Black "Murray, David"]
[Result "1/2-1/2"]
[WhiteTitle "IM"]
[WhiteElo "2445"]
[BlackElo "2149"]
[WhiteICU "2425"]
[BlackICU "2123"]
[WhiteClub "Gonzaga"]
[BlackClub "Gonzaga"]
[WhiteNationality "IRL"]
[BlackNationality "IRL"]
[WhiteFideId "2501198"]
[BlackFideId "2501511"]
[PlyCount "99"]
[EventDate "2018.08.04"]
[Source "TWIC 1240"]

{ Event information: <a
href="https://www.irlchess.com/irlch2018_allfiles/pairings_irlch2018.html">Tournament
report</a>. }

1. e4 e5 2. Nf3 Nc6 3. Bc4 Nf6 4. d3 Bc5 5. O-O O-O 6. a4 a6 7. Nbd2 d6 8.
c3 Be6 9. b4 Ba7 10. Bxe6 fxe6 11. Nc4 Qe8 12. Bd2 d5 13. Ncxe5 dxe4 14.
Nxc6 exf3 15. Ne5 fxg2 16. Kxg2 Nd7 17. Qe2 Nxe5 18. Qxe5 Qg6+ 19. Qg3 Qf5
20. Rae1 Qd5+ 21. Kg1 Rf3 22. Qg4 Qxd3 23. Qxe6+ Kh8 24. Be3 Rf6 25. Qe5
Raf8 26. Kh1 Rf5 27. Qe6 c6 28. Rg1 R5f6 29. Qe7 Qd5+ 30. Rg2 R6f7 31. Qg5
Qxg5 32. Rxg5 Re8 33. Kg2 Rfe7 34. Kf3 Rf8+ 35. Ke2 h6 36. Rg3 Bxe3 37.
Rxe3 Ref7 38. f3 Rd8 39. Kf2 Rdf8 40. Rd1 Kh7 41. Rd6 Rf5 42. Rd7 R8f7 43.
Rxf7 Rxf7 44. Re6 Rd7 45. Ke2 Kg8 46. h4 Kf7 47. Re4 Kf6 48. Rf4+ Ke5 49.
Re4+ Kf5 50. a5 1/2-1/2

[Event "Irish Championship 2018"]
[Site "Dublin IRL"]
[Date "2018.08.09"]
[Round "6.5"]
[White "Moran, Stephen"]
[Black "Carroll, Peter"]
[Result "1-0"]
[WhiteElo "2155"]
[BlackElo "1794"]
[WhiteICU "2095"]
[BlackICU "1802"]
[WhiteClub "T.C.D."]
[BlackClub "Gonzaga"]
[WhiteNationality "IRL"]
[BlackNationality "IRL"]
[WhiteFideId "2501872"]
[BlackFideId "2510243"]
[PlyCount "53"]
[EventDate "2018.08.04"]
[Source "TWIC 1240"]

{ Event information: <a
href="https://www.irlchess.com/irlch2018_allfiles/pairings_irlch2018.html">Tournament
report</a>. }

1. d4 Nf6 2. c4 g6 3. Nc3 Bg7 4. e4 d6 5. f3 a6 6. Be3 c6 7. Bd3 b5 8. e5
Nfd7 9. f4 c5 10. Be4 Ra7 11. dxc5 Nxc5 12. Bxc5 dxc5 13. Qxd8+ Kxd8 14.
cxb5 e6 15. O-O-O+ Ke7 16. b6 Rd7 17. Nf3 Rhd8 18. Na4 Rxd1+ 19. Rxd1 Rxd1+
20. Kxd1 c4 21. Nd2 f6 22. Nxc4 f5 23. Bf3 Bh6 24. g3 g5 25. fxg5 Bxg5 26.
Nc5 Bd7 27. a4 1-0

[Event "Irish Championship 2018"]
[Site "Dublin IRL"]
[Date "2018.08.09"]
[Round "6.6"]
[White "Delaney, Killian"]
[Black "Murphy, Conor E."]
[Result "0-1"]
[BlackTitle "FM"]
[WhiteElo "2206"]
[BlackElo "2336"]
[WhiteICU "2206"]
[WhiteClub "Gonzaga"]
[BlackClub "Charlton ENG"]
[WhiteNationality "IRL"]
[BlackNationality "IRL"]
[WhiteFideId "2501570"]
[BlackFideId "421669"]
[PlyCount "72"]
[EventDate "2018.08.04"]
[Source "TWIC 1240"]

{ Event information: <a
href="https://www.irlchess.com/irlch2018_allfiles/pairings_irlch2018.html">Tournament
report</a>. }

1. e4 e5 2. Nf3 Nc6 3. Bc4 Nf6 4. d3 Be7 5. O-O O-O 6. Re1 d6 7. a4 Na5 8.
Ba2 c5 9. c3 Nc6 10. Na3 h6 11. h3 Re8 12. Bd2 a6 13. b4 cxb4 14. cxb4 d5
15. exd5 Nxb4 16. Bc4 Nxd3 17. Bxd3 e4 18. Bc4 exf3 19. Qxf3 Bd6 20. Nc2
Rxe1+ 21. Rxe1 Bd7 22. Bb3 Nh7 23. Nd4 Qf6 24. Qd3 Nf8 25. Bc3 Qg6 26. Qf3
Qg5 27. g3 Bxh3 28. Ne6 fxe6 29. dxe6 Bxe6 30. Bxe6+ Nxe6 31. Rxe6 Rf8 32.
Qd3 Bc5 33. Rg6 Qc1+ 34. Kg2 Rxf2+ 35. Kh3 Qh1+ 36. Kg4 h5+ 0-1

[Event "Irish Championship 2018"]
[Site "Dublin IRL"]
[Date "2018.08.09"]
[Round "6.7"]
[White "Daly, Colm"]
[Black "Manojlovic, Mihailo"]
[Result "1-0"]
[WhiteTitle "FM"]
[WhiteElo "2329"]
[BlackElo "1988"]
[WhiteICU "2255"]
[BlackICU "2022"]
[WhiteClub "Bray/Greystones"]
[BlackClub "St. Benildus"]
[WhiteNationality "IRL"]
[BlackNationality "IRL"]
[WhiteFideId "2500434"]
[BlackFideId "2507633"]
[PlyCount "109"]
[EventDate "2018.08.04"]
[Source "TWIC 1240"]

{ Event information: <a
href="https://www.irlchess.com/irlch2018_allfiles/pairings_irlch2018.html">Tournament
report</a>. }

1. d4 Nf6 2. c4 g6 3. Nc3 Bg7 4. e4 d6 5. Nf3 O-O 6. Be2 e5 7. O-O Nc6 8.
d5 Ne7 9. a4 Nd7 10. a5 f5 11. b4 Nf6 12. Nd2 f4 13. g4 Qd7 14. f3 g5 15.
Rf2 h5 16. h3 Kf7 17. Rh2 Rh8 18. Nf1 Ng6 19. Bd2 Qe7 20. Be1 Rh6 21. Ra2
Bd7 22. Bf2 Qf8 23. c5 Qh8 24. a6 b6 25. cxd6 cxd6 26. Bb5 hxg4 27. hxg4
Rxh2 28. Nxh2 Qh3 29. Bxd7 Nxd7 30. Nb5 Ke7 31. Qf1 Qxf1+ 32. Nxf1 Nf6 33.
Nd2 Ne8 34. Kf1 Nf8 35. Ke2 Nd7 36. Rc2 Kd8 37. Kd3 Bf8 38. Nc4 Ke7 39. Bg1
Kd8 40. Rh2 Nc7 41. Nxc7 Kxc7 42. Rh7 Kd8 43. Na3 Nb8 44. b5 Nd7 45. Nc2
Rc8 46. Nb4 Rc1 47. Nc6+ Ke8 48. Bf2 Rb1 49. Nxa7 Rb3+ 50. Ke2 Rb2+ 51. Kf1
Rb1+ 52. Kg2 Rb2 53. Nc6 Ra2 54. a7 Nc5 55. Rc7 1-0

[Event "Irish Championship 2018"]
[Site "Dublin IRL"]
[Date "2018.08.09"]
[Round "6.8"]
[White "Jessel, Stephen"]
[Black "Bourached, Anthony"]
[Result "1-0"]
[WhiteTitle "FM"]
[WhiteElo "2346"]
[BlackElo "2026"]
[WhiteICU "2337"]
[BlackICU "2083"]
[WhiteClub "Gonzaga"]
[BlackClub "T.C.D."]
[WhiteNationality "IRL"]
[BlackNationality "IRL"]
[WhiteFideId "628859"]
[BlackFideId "2504456"]
[PlyCount "139"]
[EventDate "2018.08.04"]
[Source "TWIC 1240"]

{ Event information: <a
href="https://www.irlchess.com/irlch2018_allfiles/pairings_irlch2018.html">Tournament
report</a>. } { Annotator: Alexander Baburin, <em>Chess Today</em> CT-227
(6490), 15 August 2018. }

1. Nf3 c5 2. c4 Nc6 3. d4 cxd4 4. Nxd4 Qb6 5. Nb3 e6 6. a3 d5 7. e3 dxc4 8.
Bxc4 Ne5 9. Be2 Bd7 10. Nc3 Nf6 11. O-O Rc8 12. e4 Rxc3 13. bxc3 Ba4 14.
Qd4 Bxb3 15. Qxe5 Bd6 16. Qb5+ Qxb5 17. Bxb5+ Ke7 18. Bd3 Nd7 19. Rb1 Nc5
20. Be3 Nxd3 21. Rxb3 b6 22. Rd1 Nc5 23. Bxc5 Bxc5 24. Kf1 Rc8 25. Ke2 Bd6
26. h3 Rc5 27. Ra1 Ra5 28. a4 Rc5 29. Kd3 Rg5 30. g4 h5 31. f3 hxg4 32.
hxg4 f5 33. Rb5 Bc5 34. gxf5 exf5 35. exf5 Rxf5 36. Ke4 Kf6 37. f4 g5 38.
fxg5+ Rxg5 39. a5 Ke6 40. a6 Rg4+ 41. Kd3 Kd5 42. Rb2 Rg3+ 43. Kc2 Rg2+ 44.
Kb3 Rxb2+ 45. Kxb2 Kc6 46. Kb3 b5 47. Rh1 Kb6 48. Rh6+ Ka5 49. Rh5 Kb6 50.
Rh6+ Ka5 51. Rh5 Kb6 52. Rf5 Be7 53. Re5 Bc5 54. Re6+ Ka5 55. Re5 Kb6 56.
Rh5 Be7 57. Rh6+ Ka5 58. c4 bxc4+ 59. Kxc4 Bd8 60. Kc5 Bb6+ 61. Kc6 Kxa6
62. Rh5 Bd8 63. Rf5 Bb6 $2 (63... Be7 $1 $10 (63... Bg5 { also draws. }))
64. Rd5 Bc7 65. Rd2 Ka5 66. Kxc7 Kb4 67. Rd4+ Kb5 68. Rd5+ Kb4 69. Kc6 a5
70. Rb5+ 1-0

[Event "Irish Championship 2018"]
[Site "Dublin IRL"]
[Date "2018.08.09"]
[Round "6.9"]
[White "Brady, Stephen"]
[Black "Keogh, Eamon"]
[Result "1-0"]
[WhiteTitle "FM"]
[BlackTitle "NM"]
[WhiteElo "2336"]
[BlackElo "1960"]
[WhiteICU "2279"]
[BlackICU "1888"]
[WhiteClub "St. Benildus"]
[BlackClub "Kilkenny"]
[WhiteNationality "IRL"]
[BlackNationality "IRL"]
[WhiteFideId "2500124"]
[BlackFideId "2500264"]
[PlyCount "39"]
[EventDate "2018.08.04"]
[Source "TWIC 1240"]

{ Event information: <a
href="https://www.irlchess.com/irlch2018_allfiles/pairings_irlch2018.html">Tournament
report</a>. }

1. e4 d6 2. d4 g6 3. Nc3 Bg7 4. Be3 f5 5. exf5 Bxf5 6. Bd3 Nf6 7. Nge2 Bxd3
8. Qxd3 O-O 9. Nf4 Qd7 10. O-O-O c6 11. h4 Ng4 12. Ne4 Na6 13. h5 d5 14.
hxg6 h6 15. Qb3 Nc7 16. Rh4 Nb5 17. Nc5 Qf5 18. Nce6 Bf6 19. Rh5 Qe4 20.
Nc5 1-0

[Event "Irish Championship 2018"]
[Site "Dublin IRL"]
[Date "2018.08.09"]
[Round "6.10"]
[White "Rush, Stephen"]
[Black "O'Gorman, Tom"]
[Result "0-1"]
[BlackTitle "FM"]
[WhiteElo "2025"]
[BlackElo "2258"]
[WhiteICU "1903"]
[BlackICU "2239"]
[WhiteClub "Strand"]
[BlackClub "Dun Laoghaire"]
[WhiteNationality "IRL"]
[BlackNationality "IRL"]
[WhiteFideId "2512173"]
[BlackFideId "2508249"]
[PlyCount "120"]
[EventDate "2018.08.04"]
[Source "TWIC 1240"]

{ Event information: <a
href="https://www.irlchess.com/irlch2018_allfiles/pairings_irlch2018.html">Tournament
report</a>. }

1. d4 Nf6 2. c4 c5 3. d5 b5 4. cxb5 a6 5. bxa6 g6 6. Nc3 Bg7 7. e4 O-O 8.
a7 Rxa7 9. Nf3 e6 10. Be2 exd5 11. exd5 d6 12. O-O Re8 13. Bb5 Ree7 14. Bg5
h6 15. Bh4 Bf5 16. Bd3 Qd7 17. a4 Na6 18. Nb5 Bxd3 19. Qxd3 Nb4 20. Qd2 Ra6
21. Nc3 Ne4 22. Nxe4 Rxe4 23. Bg3 Rc4 24. Rfc1 Rxc1+ 25. Qxc1 Nxd5 26. Qd2
Nb4 27. Rd1 d5 28. b3 d4 29. Ne5 Qd5 30. Nd3 Nc6 31. Qc2 Bf8 32. h3 Rb6 33.
Rb1 Rb7 34. Nf4 Qf5 35. Qxf5 gxf5 36. Nd5 c4 37. Rc1 cxb3 38. Rxc6 b2 39.
Nf6+ Kh8 40. Be5 b1=Q+ 41. Kh2 Re7 42. Bxd4 Qb8+ 43. g3 Qa8 44. Nd5+ Kh7
45. Nxe7 Bxe7 46. Rc7 Qxa4 47. Rxe7 Qxd4 48. Kg2 Kg6 49. Re3 Qd5+ 50. Kg1
h5 51. h4 f4 52. gxf4 Qd1+ 53. Kg2 Kf5 54. Rg3 Kxf4 55. Rg5 f5 56. Rg3 Qe2
57. Rg5 Ke4 58. Rg3 f4 59. Rg8 Qf3+ 60. Kg1 Qh3 0-1

[Event "Irish Championship 2018"]
[Site "Dublin IRL"]
[Date "2018.08.09"]
[Round "6.11"]
[White "Cafolla, Peter"]
[Black "Fox, Anthony"]
[Result "1/2-1/2"]
[WhiteElo "1955"]
[BlackElo "2046"]
[WhiteICU "1939"]
[BlackICU "2024"]
[WhiteClub "Rathmines"]
[BlackClub "Dun Laoghaire"]
[WhiteNationality "IRL"]
[BlackNationality "IRL"]
[WhiteFideId "2500884"]
[BlackFideId "2500736"]
[PlyCount "71"]
[EventDate "2018.08.04"]
[Source "TWIC 1240"]

{ Event information: <a
href="https://www.irlchess.com/irlch2018_allfiles/pairings_irlch2018.html">Tournament
report</a>. }

1. e4 e5 2. Nc3 Nf6 3. Bc4 Nc6 4. d3 Bb4 5. Ne2 d5 6. exd5 Nxd5 7. a3 Bxc3+
8. Nxc3 Nxc3 9. bxc3 O-O 10. Qh5 Qf6 11. Rb1 Re8 12. O-O Qg6 13. Qxg6 hxg6
14. f4 Na5 15. Ba2 e4 16. Re1 Bf5 17. d4 c6 18. c4 b6 19. Bd2 Nb7 20. c5 b5
21. Rb2 a6 22. Kf2 Rad8 23. Bc3 Rc8 24. h3 Bd7 25. Re3 Kf8 26. a4 Nd8 27.
axb5 axb5 28. d5 cxd5 29. Bxd5 Bc6 30. Bxc6 Nxc6 31. Rxb5 Rc7 32. Bb2 f6
33. Reb3 Ree7 34. g4 Kf7 35. Bc3 Red7 36. Ke3 1/2-1/2